000 00844nam a2200265Ia 4500
008 191130s2002##################000#0#eng##
020 _a9780761924920
022 _a2001004186
040 _aACL
_cACL
082 _a301.0723 DEN
245 _aThe qualitative inquiry reader
_cNorman K. Denzin, Yvonna S. Lincoln, editors
260 _aThousand Oaks, CA
_bSAGE Publications
_cc2002
300 _axvi, 399 p. : ill. ; 23 cm.
500 _aIncludes bibliographical references and indexes
650 _aEthnology - Fieldwork
650 _aEthnology - Qualitative research
650 _aQualitative Research
650 _aSociology - Fieldwork
650 _aSociology - Methodology
700 _aDenzin, Norman K
700 _aLincoln, Yvonna S
990 _aaf91ad99ac10000c5552cf2ade13369b
991 _a223072
999 _c66338
_d66338